00431nam a2200157Ia 45000010006000000050017000060080041000230410008000640820016000721000036000882450096001242600009002203000028002296500008002576540008002651561920260306170209.0260306t2008||||xx |||||||||||||| ||und|| aESP a551.23bB25 aBarreda de la Cruz, MigueleAUT 0aEstudio geológico, potencial geotérmico y calidad de aguas:bprovincia de Sandia - Puno c2008 a101 páginas :c28 cm. aGEN aCCN